00278nam a2200121Ia 4500008004100000100002100041245001400062260003500076300000900111650001400120942000700134999001500141190216s9999||||xx |||||||||||||| ||und|| aSarath Kumar P K 0aEconomics bVishal Prakashan Mandir Meerut a176p aEconomics cBK c9357d9357